000
00262nam a2200109Ia 4500
008
190912s9999||||xx |||||||||||||| ||und||
100
_a
Surajit Sengupta
245
0
_a
Elements of Business Law
260
_a
Culcutta
_b
Macmillan
_c
1994
300
_a
223
942
_c
BK
999
_c
7162
_d
7162